La recompensa como prevención general (Record no. 85399)

MARC details
000 -LEADER
campo de control de longitud fija 00776nam a2200217 i 4500
001 - NÚMERO DE CONTROL
campo de control 85399
003 - IDENTIFICADOR DE NÚMERO DE CONTROL
campo de control ES-MaACL
005 - FECHA Y HORA DE LA ÚLTIMA TRANSACCIÓN
campo de control 20230906175233.0
007 - CAMPO FIJO DE DESCRIPCIÓN FÍSICA--INFORMACIÓN GENERAL
campo de control de longitud fija t|
008 - DATOS DE LONGITUD FIJA--INFORMACIÓN GENERAL
campo de control de longitud fija 041129s1915 sp ||||1| spa d
080 ## - NÚMERO DE LA CLASIFICACIÓN DECIMAL UNIVERSAL
Número de la Clasificación Decimal Universal 343.85
100 1# - ENTRADA PRINCIPAL--NOMBRE DE PERSONA
Nombre de persona Jiménez de Asúa, Luis,
Fechas asociadas al nombre 1889-1970
9 (RLIN) 66491
245 13 - MENCIÓN DEL TÍTULO
Título La recompensa como prevención general
Resto del título : el derecho premial /
Mención de responsabilidad, etc. Luis Jiménez de Asúa.
260 ## - PUBLICACIÓN, DISTRIBUCIÓN, ETC.
Lugar de publicación, distribución, etc. Madrid :
Nombre del editor, distribuidor, etc. [Revista de Legislación,
Fecha de publicación, distribución, etc. 1915]
300 ## - DESCRIPCIÓN FÍSICA
Extensión 74 p. ;
Dimensiones 22 cm.
490 1# - MENCIÓN DE SERIE
Mención de serie Biblioteca de la Revista de Legislación y Jurisprudencia ;
Designación de volumen o secuencia 4
650 #4 - PUNTO DE ACCESO ADICIONAL DE MATERIA--TÉRMINO DE MATERIA
Término de materia o nombre geográfico como elemento de entrada Prevención (Derecho penal)
9 (RLIN) 146055
830 0# - PUNTO DE ACCESO ADICIONAL DE SERIE-TÍTULO UNIFORME
Título uniforme Biblioteca de la Revista de Legislación y Jurisprudencia ;
Designación de volumen o secuencia 4
9 (RLIN) 231712
852 ## - LOCALIZACIÓN
Ubicación ES-MaACL
Número de control de estantería 1677-F-1
Sublocalización o colección R.4737
Holdings
Estatus retirado Estado de pérdida Estado de daño No para préstamo Colección Biblioteca de origen Biblioteca actual Ubicación en estantería Fecha de adquisición Fuente de adquisición Total de préstamos Signatura topográfica completa Código de barras Visto por última vez Precio de reemplazo Tipo de ítem Koha
        Colección de folletos Biblioteca del Ateneo de Madrid Biblioteca del Ateneo de Madrid Depósito folletos 17/01/2008     1677-F-1 1089240 23/02/2023 23/02/2023 Folleto